| 000 | 00901 a2200241 4500 | ||
|---|---|---|---|
| 005 | 2008110604014.0 | ||
| 008 | 081106t xxu||||| |||| 00| 0 ur d | ||
| 010 | _aUR-7319 | ||
| 020 |
_c350۔00 _a8189369-30-X |
||
| 035 | _aU-5874 | ||
| 037 | _bD.B.Act / Pub | ||
| 082 | _aن | ||
| 100 | _aصديقی انوار | ||
| 245 |
_aبرہمچا ری _cانوار صديقی _bايک پر اسرار اور طلسما تی آپ بيتی |
||
| 246 |
_aBarhamchri _bby Anwar Siddiqui |
||
| 260 |
_aدھلی _bکتا ب والا _c2007 |
||
| 270 |
_a2794،Gali Jhot wali Pahari Bhojla, _bدھلی _e110006 _k23281499 |
||
| 300 |
_a328p _b22cm (pbk) |
||
| 650 | _aناول | ||
| 650 | _aNovel | ||
| 942 |
_adpl _cUR _k/ _2ddc _hن _mص د ی |
||
| 999 |
_c3164 _d3164 |
||